00425nam a22001577a 450000500170000000800410001702000270005804000090008504100120009408200130010610000160011924500570013526000440019230000080023665000230024420260423121722.0260423b |||||||| |||| 00| 0 eng d a9789363633520c1295.00 aMAIN aEnglish a539bGHO aGhosh, M.K. aBeiser's Modern Physicsb: Concept And Applications  aNew Delhi bMedTech Science Pressc2026 a748 aPhysics (PM USHA)